000 00722nam a22002417a 4500
003 UA-OsUOA
001 47203
007 ta
008 20070713b un ||||| |||| 00| 0 ukr d
100 _aБерезина А.Г.
090 _a82.09(075.8)
_bБ48
942 _cBK
040 _aUA-OsUOA
_brus
_cUA-OsUOA
_dUA-OsUOA
245 _aИстория западноевропейской литературы 19 века
300 _a240 с.
955 _a2
041 _arus
080 _a82.09(075.8)
260 _aСПб
_bАкадемия
_c2005
246 3 1 _aГермания.Австрия.Швейцария
_n
650 7 _a82 Література. Літературознавство
_2UDC
999 _c333301
_d333301